000
00256nam a2200109Ia 4500
100
_a
Kapoor/V.K
942
_c
BK
654
_a
Operation
245
_a
Operation Research:Problems and solutions
260
_b
S.Chand & co
_a
Singapore
_c
1999
546
_a
ENGLISH
999
_c
25422
_d
25422